| 000 | 00947nas a2200301 4500 | ||
|---|---|---|---|
| 001 | BR0904655 | ||
| 003 | BR-BrBNA | ||
| 005 | 20231205113520.0 | ||
| 007 | ta | ||
| 008 | 230509b bl.|||p| |||| 00| 00por d | ||
| 040 |
_aBR-BrBNA _bpor _cBiblioteca Nacional de Agricultura |
||
| 041 | _a(Pt) | ||
| 072 | _aF01 | ||
| 100 | 1 | _aLisboa, B.B. | |
| 100 | 1 | _aBochese, C.C. | |
| 100 | 1 | _aVargas, L.K. | |
| 100 | 1 | _aSilveira, J.R.P. | |
| 100 | 1 | _aRadin, B. | |
| 100 | 1 | _aOliveira, A.M.R. de | |
| 245 | 1 | _aEficiência de Trichoderma harzianum e Gliocladium viride na redução da incidência de Botrytis cinerea em tomateiro cultivado sob ambiente protegido | |
| 650 | _aCONTROLE BIOLÓGICO | ||
| 650 | _aMOFO CINZENTO | ||
| 650 | _aESTUFA | ||
| 650 | _aTOMATE | ||
| 773 | 0 |
_tCiência Rural (Brazil) _xISSN 0103-8478 _g(Sep-Oct 2007), v. 37(5) p. 1255-1260 _wBR0904655 |
|
| 909 |
_a202311 _bLúcia _c55 _dLúcia Elande |
||
| 942 |
_2AGRIS _n0 _cANA |
||
| 999 |
_c204191 _d204191 |
||